书目信息 |
| 题名: |
智能材料
|
|
| 作者: | 成国祥 , 姚康德 主编 | |
| 分册: | ||
| 出版信息: | 北京 化学工业出版社 2002 |
|
| 页数: | ||
| 开本: | 20cm | |
| 丛书名: | 高薪技术科普丛书 | |
| 单 册: | ||
| 中图分类: | TB381 | |
| 科图分类: | ||
| 主题词: | 工程材料 | |
| 电子资源: | ||
| ISBN: | 7-5025-3603-5 | |
| 000 | 00637nam0 2200217 450 | |
| 001 | 0754114953 | |
| 005 | 20070929150154.95 | |
| 010 | @a7-5025-3603-5 | |
| 100 | @a20070929d km y0chiy0120 ea | |
| 101 | 0 | @achi |
| 200 | 1 | @a智能材料@Azhi neng cai liao@f姚康德,成国祥 主编@Fyao kang de,cheng guo xiang zhu bian |
| 210 | @a北京@c化学工业出版社@d2002 | |
| 215 | @c插图@d20cm | |
| 225 | 2 | @a高薪技术科普丛书 |
| 410 | 0 | @12001 @a高薪技术科普丛书 |
| 606 | 0 | @a工程材料 |
| 690 | @aTB381@v3 | |
| 701 | 0 | @a成国祥@Acheng guo xiang@4主编 |
| 701 | 0 | @a姚康德@Ayao kang de@4主编 |
| 801 | 0 | @aCN@bPFT@c20070929 |
| 905 | @a213230@dTB381@eH23@f1 | |
| 智能材料/姚康德,成国祥 主编.-北京:化学工业出版社,2002 |
| 插图;20cm.-(高薪技术科普丛书) |
| ISBN 7-5025-3603-5: |
| ● |
| 相关链接 |
|
|
|
|
正题名:智能材料
索取号:TB381/H23
 
预约/预借
| 序号 | 登录号 | 条形码 | 馆藏地/架位号 | 状态 | 备注 |
| 1 | 6001886 | 260018867 | 密集书库-化学系/ [索取号:TB381/H23] | 在馆 |